What we know about CSCL and implementing it in higher education

Αποθηκεύτηκε σε:
Λεπτομέρειες βιβλιογραφικής εγγραφής
Άλλοι συγγραφείς: Strijbos, Jan-Willem (Επιμελητής έκδοσης), Kirschner, Paul Arthur 1951- (Επιμελητής έκδοσης), Martens, Rob (Robert Lodewijk) (Επιμελητής έκδοσης)
Μορφή: Βιβλίο
Γλώσσα:English
Δημοσίευση: Boston, Mass. : Kluwer Academic Punlishers, c2004
Σειρά:Computer-supported collaborative learning ; ; 3
Θέματα:
Ετικέτες: Προσθήκη ετικέτας
Δεν υπάρχουν, Καταχωρήστε ετικέτα πρώτοι!

MARC

LEADER 00000nam a2200000 i 4500
001 1/54836
008 070914s2004 eng d
020 |a 1-4020-7779-3 
035 |l 10090688 
040 |a GR-MY-UA  |b gre  |e aacr 
041 0 |a eng 
082 0 |a 378.17344678  |2 (22) 
245 1 0 |a What we know about CSCL and implementing it in higher education /  |c edited by Jan-Willem Strijbos, Paul A. Kirschner, Rob L. Martens 
260 |a Boston, Mass. :   |b Kluwer Academic Punlishers,   |c c2004 
300 |a xiii, 262 σ.;  |b εικ.;  |c 25 εκ. 
490 1 |a Computer-supported collaborative learning  |v ; 3 
504 |a Περιέχει βιβλιογραφικές παραπομπές και ευρετήριο 
650 0 0 |a Education, Higher  |x Computer-assisted instruction. 
650 0 0 |a Group work in education. 
650 0 0 |a Education, Higher  |x Effect of technological innovations on. 
700 1 |a Strijbos, Jan-Willem.  |4 edt 
700 1 |a Kirschner, Paul Arthur  |d 1951-  |4 edt 
700 1 |a Martens, Rob  |q (Robert Lodewijk)  |4 edt 
830 0 |a Computer-supported collaborative learning ;  |v ; 3 
852 |a INST  |b LESVOS  |e 20070914  |h 378.17344678 WHA  |p 005100041178  |q 005100041178  |t BK  |y 0 
901 |a BIBL1-2007-3 
909 |a Λ  |b 137941 
922 |a 1ΕΛΗ  |b 200707  |c ΕΠΕΑΕΚ2/ΠΤΕ  |d ΕΛΕΥΘΕΡΟΥΔΑΚΗΣ 
970 |a ΚΑΡΑ  |b ΓΙΑΣΕΜΗ  |z 2007/09/14